00669nam a2200241 a 4500001001300000003000900013005001700022008004100039020000800080082001600088100002200104245001100126260002600137300000900163500003500172505003100207650002500238700002200263902000800285942000700293952011200300999001500412nice12345678IN_TiNIC20260116011532.0050524s0000 bera grp 000 0 eng  ac000a891.51bKIN aKing, Lucas White aBadayi aBerlinbKavianic0000 a204p aincludes index and biblioraphy2 alight of islam series no.4 aPersian Poetry-Sanai1 aKing, Lucas White bSRS cBK 001040708StackRoom-aHMIbHMId2005-05-24g0.00l0o891.51 KINp03480r2005-05-24v0.00w2005-05-24yBK c2411d2411